03384nam a2200529Ia 4500001000400000008004100004010000800045041001400053082001400067245020200081260001300283300000800296520000700304630001600311630001600327650001600343690001400359700003700373700004600410700005000456901010500506902000600611903004500617904001800662905002200680906000600702907001700708908003400725909003800759910001500797911001000812912001400822913000900836914002400845915001900869916000900888917000900897918001400906919001600920520186100936921000702797922000702804923000602811924001402817942001002831999001302841151241029s9999 xx 000 0 und d a131 aEspañol aNO APLICA 0aEvolución de la infraestructura de los Centros Educativos del Nivel Básico y su efecto en el desarrollo del aprendizaje de los estudiantes, Ciudad de San Juan de la Maguana, Período 2000-2011 aSan Juan a115 a15 aAprendizaje aEstudiantes aEducación aElaborado easesoraViloria, Juan Francisco  eautoraBáez Méndez , Mercedes Lupina  eautoraConcepción Turbí, María Rosario  a{"1":"Báez Méndez ","2":"Concepción Turbí"}b{"1":"Mercedes Lupina ","2":"María Rosario "} a1 a{"1":"Viloria"}b{"1":"Juan Francisco "} aMaestría en aCiencias Sociales a1 aOrientada en aInvestigación y Enseñanza aISFODOSU, Recinto Urania Montás aNULLbNULL a["1"] aNO APLICA aNULL a09 de Junio de 2012 a07/07/15 11:07 aNULL aNULL aNO APLICA a["18","96"] aEl objetivo principal de este estudio fue determinar la evolución de la infraestructura educativa del sector público en el Nivel Básico y su efecto en el desarrollo del aprendizaje de los estudiantes, de la ciudad de San Juan de la Maguana 2000-2011; como objetivos específicos se encuentra describir el efecto causado en el desarrollo del aprendizaje de los estudiantes con las creaciones, ampliaciones y transformaciones de los centros educativos del nivel básico, entre otros.Esta es una investigación de tipo exploratoria, con características descriptivas, en la que se utilizaron los métodos de deducción, inducción, análisis, síntesis y comparación; como instrumentos de recolección de informaciones se emplearon el cuestionario,la entrevista y la observación;  la población objeto de estudio corresponde a las escuelas básicas  de la ciudad de San Juan de la Maguana.Dentro de los hallazgos de este estudio se encuentran que las transformaciones hechas a las infraestructuras de los centros educativos ha repercutido positivamente en el rendimiento académico de la mayoría de los estudiantes. Éstos muestran mayor poder de asimilación y su aprendizaje es más evidente. La minoría de los estudiantes no  ha experimentado mucho cambio en el rendimiento, según las manifestaciones de los directores y docentes; la creación de nuevos pabellones en las escuelas produce un aumento en la cobertura escolar, sin embargo, no es suficiente para la demanda estudiantil de la  población, que ha crecido considerablemente en los últimos años. Esta investigación recomienda la creación de nuevos pabellones que permitan la disminución de la cantidad de estudiantes por aula para un mejor aprovechamiento de la enseñanza-aprendizaje.Para visualizar este estudio en su totalidad haga click aquí a24 a24 a0 aNO APLICA cTesis c131d131